000 00385nam a22001577a 4500
003 MPLRDC
005 20220104175937.0
008 210129b ||||| |||| 00| 0 eng d
082 _a524.943 SON c.2
100 _aRIVAI SONTANI
245 _aKARANGAN-KARANGAN PILIHAN UNTUK SPM
_c
260 _a
_bSYARIKAT PENERBITAN
_c
300 _b
650 _a
942 _cBK
_o524.943 SON c.2
999 _c60664
_d60654